000 00913nab a2200265 u 4500
001 18906
003 HDC
007 cr bn ---aaaaa
008 210227c20100401xx dr|noo 0 a eng d
040 _aHDC
100 _aJOUBERT, Marie Sophie
_eauthor
_917594
245 0 _aParis food show opens its doors to growing halal market / by
_cMarie Sophie JOUBERT
260 _a[No place] :
_b[publisher not identified],
_c2010
300 _a1 online resource
336 _atext
_2rdacontent
337 _acomputer
_2rdamedia
338 _aonline resource
_2rdacarrier
650 _ahalal food industry
_9128
650 _ahalal market
_zFrance
_910560
710 _aHalal Focus
856 _zRequest full-text at [email protected]
942 _2lcc
942 _cNEWS
942 _kNWSO 006166
999 _c16222
_d16222